Segundo informe blanco sobre los avances logrados en el proceso de cumplimiento del acuerdo de paz para Centroamérica Esquipulas II /

Furkejuvvon:
Bibliográfalaš dieđut
Searvvušdahkkit: FLACSO, CSUCA Universidad para la Paz
Materiálatiipa: Texto
Almmustuhtton: San José: Universidad para la Paz. FLACSO. CSUCA
Fáddágilkorat: Lasit fáddágilkoriid
Eai fáddágilkorat, Lasit vuosttaš fáddágilkora!

MARC

LEADER 00000 a a2200000 04500
001 21232
003
040
090 |a 092600  
110 |a FLACSO  
245 |a Segundo informe blanco sobre los avances logrados en el proceso de cumplimiento del acuerdo de paz para Centroamérica Esquipulas II /  |c FLACSO  
260 |a San José:   |b Universidad para la Paz. FLACSO. CSUCA  
300 |a 132 p.  
710 |a CSUCA   |a Universidad para la Paz  
999 |c 11454  |d 11454